Car Brands Quiz - Statistics

General Stats
  • This quiz has been taken 208 times
  • The average score is 21 of 26
Answer Stats
Picture Answer % Correct
Ford
99%
Tesla
98%
Toyota
96%
BMW
95%
Volkswagen
95%
Audi
94%
Ferrari
94%
Jaguar
92%
Kia
92%
Nissan
90%
Porsche
90%
Hyundai
88%
Lamborghini
88%
Chevrolet
87%
Mazda
86%
Subaru
86%
Mitsubishi
85%
Fiat
79%
Alfa Romeo
76%
Aston Martin
74%
Maserati
74%
McLaren
61%
Bugatti
58%
MG
58%
Koenigsegg
40%
Pininfarina
9%
No matching quizzes found
Score Distribution
Percent of People with Each Score
Percentile by Number Answered
Your Score History
You have not taken this quiz